000 00327nam a2200133Ia 4500
005 20260328101444.0
008 260328s9999||||xx |||||||||||||| ||und||
100 _aInguanzo, Mayra
245 0 _aXVII Premio Obras Cemex /
_cMayra Inguanzo
260 _bCEMEX
300 _a275 p.
650 _aARQUITECTURA REGIONAL
942 _cBK
999 _c8377
_d8377